| 000 | 00840nam a2200253 4500 | ||
|---|---|---|---|
| 003 | OSt | ||
| 005 | 20240730064552.0 | ||
| 006 | a | ||
| 008 | 240730b |||||||| |||| 00| 0 eng d | ||
| 020 | _a978025782130 | ||
| 040 |
_aDWCL-Main lib. _cOC |
||
| 082 |
_2Seventh edition _aCirc. 658.45 Oh326s 2011 |
||
| 100 | _aDan O’Hair Gustav | ||
| 245 | _aStrategic communication in business and the professions / | ||
| 250 | _aSeventh edition | ||
| 260 |
_aBoston : _bAllyn & Bacon, _cc2011. |
||
| 300 |
_axvi, _b440 p. : ill. ; _c26 cm. |
||
| 504 | _aIncludes bibliographical references & index. | ||
| 650 | _a1. Communication in organizations. | ||
| 650 | _a2. Communication in management. | ||
| 650 | _a3. Business communication. | ||
| 650 | _a4. Intercultural communication. | ||
| 942 |
_2ddc _n0 _cBK-CIRC _eSeventh edition _kCirc. |
||
| 999 |
_c2971 _d2971 |
||